Every Martin Garrix Song on the Billboard Hot 100 - Statistics

General Stats
  • This quiz has been taken 70 times
    55 since last reset
  • The average score is 3 of 6
Answer Stats
# Year Song % Correct
21 2014 Animals
94%
24 2016 In The Name Of Love (Bebe Rexha)
78%
76 2017 Scared To Be Lonely (Dua Lipa)
76%
94 2017 There For You (Troye Sivan)
32%
78 2018 Ocean ft. Khalid
20%
100 2019 Summer Days ft. Macklemore & Patrick Stump
2%
No matching quizzes found
Score Distribution
Percent of People with Each Score
Percentile by Number Answered
Your Score History
You have not taken this quiz since the last reset